000 01223cam a2200337 a 4500
001 16610025
003 OSt
005 20140310182730.0
008 110113s2011 caua 001 0 eng
010 _a 2010282938
020 _a9780321713100 (pbk.)
020 _a0321713109 (pbk.)
040 _aDLC
_cDLC
042 _apcc
050 0 0 _aTR 267.5.A355
_b.H48 2011
100 1 _aHester, Nolan.
245 1 0 _aPhotoshop lightroom 3 /
_cNolan Hester.
246 3 _aPhotoshop lightroom three
260 _aBerkeley, CA :
_bPeachpit Press,
_cc2011.
300 _a273 p. :
_bill. (some col.) ;
_c23 cm.
490 0 _aVisual quickstart guide
500 _aIncludes index.
521 _aMA
630 0 0 _aAdobe Photoshop lightroom.
650 0 _aPhotography
_xDigital techniques.
650 0 _aImage processing
_xDigital techniques.
906 _a7
_bcbc
_corigres
_d2
_encip
_f20
_gy-gencatlg
942 _2lcc
_cBK
_kFOR
999 _c15451
_d15451